000 00823cam a2200241 a 4500
001 000018321
005 20250703110300.0
008 900626s1984 fr b 000 0 fre d
020 _a2130421776
040 _aDO-SdBNP
_bfre
_cDLC
_dBNPHU
082 _a149.91
_bC741m
100 1 _aComte-Sponville, André.
_92543
245 1 3 _aLe mythe d'Icare :
_btraité du désespoir et de la béatitude /
_cAndré Comte-Sponville.
260 _aParis :
_bPresses universitaires de France,
_c1984.
300 _a1 v. ;
_c22 cm.
490 1 _aPerspectives Critiques
504 _aIncluye referencias bibliográficas.
650 4 _aCivilización moderna
_xFilosofía
_939679
650 0 _a Ciencia política -
_xFilosofía
_920383
830 0 _aPerspectives Critiques
_939680
910 _aCatalogación derivada / LC
049 _aBNGR
999 _c17842
_d17842